Humpty Dumpty / (Record no. 1389)

MARC details
000 -LEADER
fixed length control field 01088cam a2200361 a 4500
005 - DATE AND TIME OF LATEST TRANSACTION
control field 20230823100127.0
020 ## - INTERNATIONAL STANDARD BOOK NUMBER
International Standard Book Number 9781404881723 (board book)
040 ## - CATALOGING SOURCE
Original cataloging agency NJQ/DLC
Transcribing agency NJQ
Language of cataloging eng
050 00 - LIBRARY OF CONGRESS CALL NUMBER
Classification number PZ8.3.R243
Item number Huk 2013
082 00 - DEWEY DECIMAL CLASSIFICATION NUMBER
Classification number 398.8
Edition number 23
100 1# - MAIN ENTRY--PERSONAL NAME
Personal name Reasoner, Charles
245 10 - TITLE STATEMENT
Title Humpty Dumpty /
Statement of responsibility, etc. by Charles Reasoner.
260 ## - PUBLICATION, DISTRIBUTION, ETC.
Place of publication, distribution, etc. DongGuan :
Name of publisher, distributor, etc. Little Birdie Books,
Date of publication, distribution, etc. 2012
300 ## - PHYSICAL DESCRIPTION
Extent 8 unnumberd pages :
Other physical details color illustrations ;
Dimensions 17 cm
500 ## - GENERAL NOTE
General note Cover title.
500 ## - GENERAL NOTE
General note On board pages.
500 ## - GENERAL NOTE
General note "A Capstone imprint."
505 ## - FORMATTED CONTENTS NOTE
Formatted contents note B
520 ## - SUMMARY, ETC.
Summary, etc. An illustrated version of the traditional nursery rhyme.
521 ## - TARGET AUDIENCE NOTE
Target audience note 160 <br/>
Source Lexile estimate
521 ## - TARGET AUDIENCE NOTE
Target audience note B <br/>
Source Raz-Plus
650 #0 - SUBJECT ADDED ENTRY--TOPICAL TERM
Topical term or geographic name entry element Nursery rhymes.
650 #0 - SUBJECT ADDED ENTRY--TOPICAL TERM
Topical term or geographic name entry element Children's poetry.
650 #1 - SUBJECT ADDED ENTRY--TOPICAL TERM
Topical term or geographic name entry element Nursery rhymes.
650 #1 - SUBJECT ADDED ENTRY--TOPICAL TERM
Topical term or geographic name entry element Board books.
655 #0 - INDEX TERM--GENRE/FORM
Genre/form data or focus term Board books.
700 ## - ADDED ENTRY--PERSONAL NAME
Personal name Reasoner, Chuck
Titles and other words associated with a name author
700 ## - ADDED ENTRY--PERSONAL NAME
Personal name Intzegian, Teri
Titles and other words associated with a name illustrator
906 ## - LOCAL DATA ELEMENT F, LDF (RLIN)
a 7
b cbc
c orignew
d 1
e ecip
f 20
g y-gencatlg
942 ## - ADDED ENTRY ELEMENTS (KOHA)
Source of classification or shelving scheme Dewey Decimal Classification
Koha item type Books
Suppress in OPAC No
999 ## -
-- 1389
-- 1389
Holdings
Withdrawn status Lost status Source of classification or shelving scheme Damaged status Not for loan Collection Home library Current library Shelving location Date acquired Total Checkouts Full call number Barcode Date last seen Date last checked out Price effective from Koha item type
    Dewey Decimal Classification     Juvenile Fiction Footprints International School Library Network Toul Kork Campus Footprints International School Library Network Toul Kork Campus TK Primary Library Room(4th Floor), Bookcase 7, Shelves 57-60, Dark Green Books 08/23/2023 2 REA Fic PZ8.R243 FISTK02880 03/02/2026 02/02/2026 08/23/2023 Books